<?xml version="1.0" encoding="UTF-8"?><?xml-stylesheet type="text/xsl" href="static/style.xsl"?><OAI-PMH xmlns="http://www.openarchives.org/OAI/2.0/" xmlns:xsi="http://www.w3.org/2001/XMLSchema-instance" xsi:schemaLocation="http://www.openarchives.org/OAI/2.0/ http://www.openarchives.org/OAI/2.0/OAI-PMH.xsd"><responseDate>2026-04-17T01:18:19Z</responseDate><request verb="GetRecord" identifier="oai:www.recercat.cat:2117/332352" metadataPrefix="marc">https://recercat.cat/oai/request</request><GetRecord><record><header><identifier>oai:recercat.cat:2117/332352</identifier><datestamp>2026-02-07T01:04:16Z</datestamp><setSpec>com_2072_1033</setSpec><setSpec>col_2072_452949</setSpec></header><metadata><record xmlns="http://www.loc.gov/MARC21/slim" xmlns:dcterms="http://purl.org/dc/terms/" xmlns:xsi="http://www.w3.org/2001/XMLSchema-instance" xmlns:doc="http://www.lyncode.com/xoai" xsi:schemaLocation="http://www.loc.gov/MARC21/slim http://www.loc.gov/standards/marcxml/schema/MARC21slim.xsd">
   <leader>00925njm 22002777a 4500</leader>
   <datafield ind2=" " ind1=" " tag="042">
      <subfield code="a">dc</subfield>
   </datafield>
   <datafield ind2=" " ind1=" " tag="720">
      <subfield code="a">Smaoui, H.</subfield>
      <subfield code="e">author</subfield>
   </datafield>
   <datafield ind2=" " ind1=" " tag="720">
      <subfield code="a">Kaidi, S.</subfield>
      <subfield code="e">author</subfield>
   </datafield>
   <datafield ind2=" " ind1=" " tag="720">
      <subfield code="a">Huybrechts, N.</subfield>
      <subfield code="e">author</subfield>
   </datafield>
   <datafield ind2=" " ind1=" " tag="260">
      <subfield code="c">2015</subfield>
   </datafield>
   <datafield ind2=" " ind1=" " tag="520">
      <subfield code="a">In  this  work,  we  propose  to  implement  the V2- f turbulence model rarely used in the marine environment to study the marine bottom boundary layer (MBBL). This model will complete the series of the turbulence models already implemented in the operational model 1DV-MoSeTT (1D Vertical Model of Sediment Transport and Turbu- lence) developed for the MBBL dynamics analysis . To show the performance of v/2 - f turbulence model first, we give a comparison between this model and q2 - q2σ model. This comparison is based in various laboratory data proposed in the literature and widely used by the scientific community. Second, and in comparison with in-situ suspended sediment transport measurements, we examine the impact of the v/2 - f and the q2 - q2σ turbulence models on the quantification of flux sediment at the bottom and on the estimation of the vertical profile of the suspended particle matter (SPM).</subfield>
   </datafield>
   <datafield tag="653" ind2=" " ind1=" ">
      <subfield code="a">Àrees temàtiques de la UPC::Matemàtiques i estadística::Anàlisi numèrica::Mètodes en elements finits</subfield>
   </datafield>
   <datafield tag="653" ind2=" " ind1=" ">
      <subfield code="a">Finite element method</subfield>
   </datafield>
   <datafield tag="653" ind2=" " ind1=" ">
      <subfield code="a">Marine engineering</subfield>
   </datafield>
   <datafield tag="653" ind2=" " ind1=" ">
      <subfield code="a">hydrodynamics, turbulence, boundary layer, wave, tide, sediment transport</subfield>
   </datafield>
   <datafield ind2="0" ind1="0" tag="245">
      <subfield code="a">Turbulent marine bottom boundary layer by  V t2-F turbulence model</subfield>
   </datafield>
</record></metadata></record></GetRecord></OAI-PMH>